Canadian writers and their works : poetry series

Sparad:
Bibliografiska uppgifter
Materialtyp: Bok
Språk:Undetermined
Publicerad: Canadá Ecw Press 1983
Ämnen:
Taggar: Lägg till en tagg
Inga taggar, Lägg till första taggen!

MARC

LEADER 00000nam a2200000Ia 4500
008 170316s9999 xx 000 0 und d
040 |a cru BVZT 
090 |a 818 C-2c v.2 
245 |a Canadian writers and their works : poetry series 
260 |a Canadá 
260 |b Ecw Press 
260 |c 1983 
300 |a 289 páginas vol. 2. 
650 |a LITERATURA CANADIENSE 
650 |a EN IDIOMA INGLÉS 
650 |a POETAS 
650 |a BIOGRAFÍAS 
999 |c 6392  |d 6392 
942 |c 15 D  |h 818 C-2c v.2  |2 z